LEADER 01243nam0 22002653i 450 001 PMI0017493 005 20251003044309.0 100 $a20230911d2000 ||||0itac50 ba 101 | $aita 102 $ait 181 1$6z01$ai $bxxxe 182 1$6z01$an 183 1$6z01$anc$2RDAcarrier 200 1 $aCompetitivita delle imprese e sistemi di tassazione del reddito$ela riforma Visco per le societa industriali della provincia di Bergamo$fStefano Paleari 210 $aBergamo$cAssociazione Pro Universitate Bergomensi$d2000 215 $aXIV, 187 p.$cill.$d24 cm. 700 1$aPaleari$b, Stefano$f <1965- >$3TO0V163476$0139623 801 3$aIT$bIT-000000$c20230911 850 $aIT-BN0095 901 $bNAP 01$cPOZZO LIB.$nVi sono collocati fondi di economia, periodici di ingegneria e scienze, periodici di economia e statistica e altri fondi comprendenti documenti di economia pervenuti in dono. 912 $aPMI0017493 950 0$aBiblioteca Centralizzata di Ateneo$b1 v.$c1 v.$d 01POZZO LIB.F. CORTI 347$e 01 0000120335E VMA 1 v.$fB $h20230713$i20230911 977 $a 01 996 $aCompetitivita delle imprese e sistemi di tassazione del reddito$93551735 997 $aUNISANNIO